A Text Book of Thermodynamics & Statistical Physics (Record no. 18286)

MARC details
000 -LEADER
fixed length control field 00410nam a2200145Ia 4500
008 - FIXED-LENGTH DATA ELEMENTS--GENERAL INFORMATION
fixed length control field 221030s9999 xx 000 0 und d
041 ## - LANGUAGE CODE
Language code of text/sound track or separate title
100 ## - MAIN ENTRY--AUTHOR NAME
Personal name S. K. Sharma
245 #2 - TITLE STATEMENT
Title A Text Book of Thermodynamics & Statistical Physics
Statement of responsibility, etc by S. K. Sharma, K. S. Pathania
260 ## - PUBLICATION, DISTRIBUTION, ETC. (IMPRINT)
Name of publisher S. Dinesh & Co.
Place of publication Jalandhar
Year of publication 2002
300 ## - PHYSICAL DESCRIPTION
Number of Pages 127
650 ## - SUBJECT ADDED ENTRY--TOPICAL TERM
Topical Term BB Mechanics
700 ## - ADDED ENTRY--PERSONAL NAME
Personal name K. S. Pathania
942 ## - ADDED ENTRY ELEMENTS (KOHA)
Koha item type Books
Holdings
Accession Number Cost, normal purchase price Source of acquisition Price effective from Koha item type Withdrawn / writtenoff status Materials specified (bound volume or other part) Damaged status Not for loan Permanent Location Current Location Shelving location Date acquired Lost/ Missing status department
BB 954 160.00 Donated by Prof Mohinder Jain ( HOD Physics ) 10/30/2022 Books   Print     MIET Library, Jammu MIET Library, Jammu BL-Academic Block B, FL-2, CUP-101, SH-3, R-3 05/21/2019   BB